Guess All of Asia's Capital Cities - Statistics

General Stats
  • This quiz has been taken 26 times
  • The average score is 34 of 53
Answer Stats
Capital City % Correct
Tokyo
95%
New Delhi
90%
Beijing
86%
Beirut
86%
Damascus
81%
Jakarta
81%
Manila
81%
Seoul
81%
Tbilisi
81%
Tehran
81%
Abu Dhabi
76%
Amman
76%
Ankara
76%
Astana
76%
Baghdad
76%
Baku
76%
Bangkok
76%
Doha
76%
Jerusalem
76%
Kuwait City
76%
Hanoi
71%
Kuala Lumpur
71%
Moscow
71%
Dhaka
67%
Kabul
67%
Muscat
67%
Pyongyang
67%
Taipei
67%
Yerevan
67%
Islamabad
62%
Kathmandu
62%
Riyadh
62%
Sana'a
62%
Singapore
62%
Tashkent
62%
Ulaanbaatar
62%
Ashgabat
57%
Bishkek
57%
Dili
57%
Male
57%
Manama
57%
Nicosia
57%
Phnom Penh
57%
Dushanbe
52%
Thimphu
52%
Vientiane
52%
Bandar Seri Begawan
48%
Sri Jayawardenepura Kotte
48%
Naypyidaw
43%
Colombo
10%
Ramallah
10%
East Jerusalem
5%
Putrajaya
5%
No matching quizzes found
Score Distribution
Percent of People with Each Score
Percentile by Number Answered
Your Score History
You have not taken this quiz